000 01152cam a2200301 a 4500
999 _c7737
_d7737
001 23355395
003 OCoLC
005 20190218200433.0
008 910307s1992 nyuab b 001 0 eng
010 _a 91008873
035 _a(OCoLC)23355395
040 _aDLC
_beng
_cDLC
_dBAKER
_dBTCTA
_dYDXCP
_dITC
_dAZFX8
_dOG#
_dOCLCF
_dOCLCQ
_dCIRBC
043 _ae------
_aff-----
_aaw-----
050 0 0 _aBR162.2
_b.A34 1992
082 0 0 _a051
_220
092 0 _a051
245 0 0 _aReader's Digest/
_bconquer Stress Now!/ 25 ways to find calm and be on top of your life/
260 _aPlesantville, N.Y. :
_bReader's Digest Association,
_c©1992.
300 _a164 p.; :
_bcolor illustrations, maps ;
_c16 cm
336 _atext
_btxt
_2rdacontent
337 _aunmediated
_bn
_2rdamedia
338 _avolume
_bnc
_2rdacarrier
504 _aIncludes bibliographical references (pages 333-337) and index.
520 _aChronicles how the Christian movement survived, grew, and eventually captured the very soul of the Roman Empire.
650 0 _aChurch history
_yPrimitive and early church, ca. 30-600.
710 2 _aReader's Digest Association.
942 _2ddc
_cBK